| 000 | 00261 a2200109 4500 | ||
|---|---|---|---|
| 999 |
_c328121 _d328121 |
||
| 001 | 93048 | ||
| 003 | NUST | ||
| 005 | 20180120134422.0 | ||
| 008 | 180120b xxu||||| |||| 00| 0 eng d | ||
| 082 | _a808.84 SKI | ||
| 100 |
_aSkinner, J.H _99208 |
||
| 245 |
_aEnglish Essays (TRansfered to SOA) _hEnglish |
||
| 260 |
_bHarrap _c1952 |
||
| 942 |
_aNUST CAE _cBK _k808.84 SKI _2ddc |
||